|
|
|
|
| LEADER |
01490nam a2200385 a 4500 |
| 001 |
nkc20071712887 |
| 003 |
CZ PrNK |
| 005 |
20240529101133.0 |
| 007 |
ta |
| 008 |
070724s2007 xr ab e 000 0 cze |
| 015 |
|
|
|a cnb001712887
|
| 020 |
|
|
|a 978-80-239-9079-9
|q (váz.)
|
| 035 |
|
|
|a (OCoLC)188554324
|
| 040 |
|
|
|a ABA001
|b cze
|
| 043 |
|
|
|a e-xr---
|b e-xr-mr
|2 czenas
|
| 072 |
|
7 |
|a 913(437)
|x Geografie Česka a Slovenska, reálie, cestování
|2 Konspekt
|9 7
|
| 080 |
|
|
|a 908(437.32-13)
|2 MRF
|
| 080 |
|
|
|a (084.12)
|2 MRF
|
| 100 |
1 |
|
|a Bellan, Stano,
|d 1962-
|7 mzk2004265356
|4 aut
|
| 245 |
1 |
0 |
|a Kam oko dohlédne :
|b krajina nad soutokem Moravy a Dyje /
|c [texty a scénář] Stano Bellan ; [foto] Jan Halady
|
| 246 |
3 |
0 |
|a Krajina nad soutokem Moravy a Dyje
|
| 250 |
|
|
|a 2. české vyd.
|
| 260 |
|
|
|a [Česko] :
|b Europrinty,
|c 2007
|
| 300 |
|
|
|a [200] s. :
|b barev. il., mapa ;
|c 25 x 27 cm
|
| 651 |
|
7 |
|a Morava jižní (Česko)
|7 ge130073
|2 czenas
|
| 651 |
|
9 |
|a Moravia, Southern (Czechia)
|2 eczenas
|
| 655 |
|
7 |
|a fotografické publikace
|7 fd132276
|2 czenas
|
| 655 |
|
9 |
|a photographical works
|2 eczenas
|
| 700 |
1 |
|
|a Halady, Jan,
|d 1967-
|7 jo20000082763
|4 pht
|
| 856 |
4 |
1 |
|u http://www.digitalniknihovna.cz/mzk/uuid/uuid:87cac2c0-633c-11e8-be96-005056827e52
|y Digitalizovaný dokument
|x NDK
|
| 910 |
2 |
|
|a BOA001
|b 3-1188.933
|
| 990 |
|
|
|a BK
|
| 995 |
|
|
|a 01
|
| 991 |
|
|
|b 200708
|c NOV
|
| 996 |
6 |
|
|b 2610316138
|c 3-1188.933
|l MZK
|r Sklad / do 1 hodiny
|n 3
|p p.v.
|w 000857313
|u 000010
|a 1
|e BOA001
|j MZK50
|s P
|